Eticko - hospodárske pohľady vybraných starovekých gréckych mysliteľov

Etický pohľad na starovekých filozofov (Periklés, Platón, Aristoteles, Xenofón), ktorí sa snažili uplatňovať v reálnych hospodárskych vzťahoch. Práve z myšlienok gréckych filozofov vychádzajú vo svojich ekonomických názoroch mnohí predstavitelia, počnúc scholastikou či klasickou politickou ekonómiou...

Descrizione completa

Salvato in:
Dettagli Bibliografici
Autore principale: Vongrej, Marián
Natura: Capitolo di libro
Lingua:slovacco
Soggetti:
Tags: Aggiungi Tag
Nessun Tag, puoi essere il primo ad aggiungerne!!

MARC

LEADER 00000nla a2200000 4500
001 0198818
005 20240502073347.4
041 0 |a slo 
044 |a SK 
245 1 0 |a Eticko - hospodárske pohľady vybraných starovekých gréckych mysliteľov  |c Marián Vongrej 
520 |a Etický pohľad na starovekých filozofov (Periklés, Platón, Aristoteles, Xenofón), ktorí sa snažili uplatňovať v reálnych hospodárskych vzťahoch. Práve z myšlienok gréckych filozofov vychádzajú vo svojich ekonomických názoroch mnohí predstavitelia, počnúc scholastikou či klasickou politickou ekonómiou, až po súčasné hospodárske smery. Rôzne pohľady na inštitút súkromného vlastníctva, na pojem oikonomikos a oikodomé, či na rozdiel medzi ekonomikou a chremastikou v chápaní Aristotela. 
610 2 0 |a dejiny myslenia ekonomického 
610 2 0 |a filozofia 
610 2 0 |a etika 
610 2 0 |a politika hospodárska 
610 2 0 |a starovek 
100 1 |a Vongrej, Marián